000 00277nam a22001337a 4500
003 SGT
082 _a616.07
100 _aKATHURIA, VIPIN
245 _aTO STUDY HISTOMORPHOLOGICAL CHANGES M.
260 _aSGTU
_c2017
300 _a75
650 _aPATHOLOGY
942 _2ddc
_cTH
999 _c20537
_d20537